|
|
|
|
| LEADER |
00000nas a2200000 c 4500 |
| 001 |
ssj0000562783 |
| 003 |
WaSeSS |
| 005 |
20200512172242.0 |
| 006 |
m d |
| 007 |
cr n |
| 008 |
101101d20032010pk fr p s 0 0eng |
| 010 |
|
|
|a 2010341167
|
| 035 |
|
|
|a (WaSeSS)ssj0000562783
|
| 040 |
|
|
|a DKDLA
|b eng
|c DKDLA
|d OCLCO
|d OCLCF
|d OCLCO
|d DLC
|d OCLCO
|d UX0
|d OCLCO
|d OCLCQ
|d OCL
|d OCLCO
|d OCLCQ
|d OCLCA
|d DLC
|d WaSeSS
|
| 042 |
|
|
|a pcc
|
| 043 |
|
|
|a a-pk---
|
| 050 |
0 |
0 |
|a PR9540
|b .A37
|
| 245 |
0 |
0 |
|a Research magazine
|h [electronic resource].
|
| 246 |
1 |
|
|i Ssues for 2005- have title:
|a NUML research magazine
|
| 246 |
3 |
|
|a National Universtiy of Modern Languages research magazine
|
| 260 |
|
|
|a Islamabad :
|b National University of Modern Languages,
|c 2005-
|
| 362 |
0 |
|
|a 2003, no. 1-
|
| 362 |
1 |
|
|a Ceased in 2010.
|
| 506 |
|
|
|a License restrictions may limit access.
|
| 515 |
|
|
|a Issues are published summer and winter; issues for 2003 summer called also 1st.
|
| 588 |
|
|
|a Latest issue consulted: 2006, no. 1
|
| 648 |
|
7 |
|a 1900-1999
|2 fast
|
| 650 |
|
0 |
|a Pakistani literature (English)
|x History and criticism
|v Periodicals.
|
| 650 |
|
0 |
|a Languages, Modern
|x Research
|z Pakistan
|v Periodicals.
|
| 650 |
|
0 |
|a English literature
|y 20th century
|x History and criticism
|v Periodicals.
|
| 650 |
|
7 |
|a Civilization
|2 fast
|0 (OCoLC)fst00862898
|
| 650 |
|
7 |
|a English literature
|2 fast
|0 (OCoLC)fst00911989
|
| 650 |
|
7 |
|a Languages, Modern
|x Research
|2 fast
|0 (OCoLC)fst00992473
|
| 650 |
|
7 |
|a Pakistani literature (English)
|2 fast
|0 (OCoLC)fst01051218
|
| 651 |
|
0 |
|a Pakistan
|x Civilization
|v Periodicals.
|
| 651 |
|
7 |
|a Pakistan
|2 fast
|0 (OCoLC)fst01210275
|
| 655 |
|
0 |
|a Electronic journals.
|
| 710 |
2 |
|
|a Naishnal Yūnīvarsiṭī āf Māḍran Laingvejiz (Islāmābād, Pakistan)
|
| 785 |
0 |
0 |
|t NUML journal of critical inquiry
|w (DLC) 2016359174
|w (OCoLC)951719787
|
| 856 |
4 |
0 |
|z Full text available from Research Library: 01/01/2010 to 12/31/2010
|u https://search.proquest.com/publication/616373
|